| 000 | 00391nam a2200169Ia 4500 | ||
|---|---|---|---|
| 008 | 220531s9999 xx 000 0 und d | ||
| 041 | _aeng | ||
| 082 | _bTIL | ||
| 100 |
_aTilak, Raghukul _940214 |
||
| 245 | _aJohn Milton-minor Poems | ||
| 260 |
_bRama _c1999 |
||
| 300 | _a243 | ||
| 542 | _d23-01-1999 | ||
| 650 |
_aEnglish _940215 |
||
| 906 | _d1998-1999 | ||
| 999 |
_c24182 _d24182 |
||